000
00289nam a22001337a 4500
008
170616b xxu||||| |||| 00| 0 eng d
020
_a
0873322762
041
_a
eng
080
_a
338
100
_a
20
101
_a
SHP
245
_a
THE POLITICAL ECONOMY
_c
FERGUSON,TH
942
_2
udc
_c
BK
999
_c
17733
_d
17733